| 000 | 00449nam a22001937a 4500 | ||
|---|---|---|---|
| 003 | MPLRDC | ||
| 005 | 20220104173906.0 | ||
| 008 | 210129b ||||| |||| 00| 0 eng d | ||
| 020 | _a0-14-014366-0 | ||
| 082 | _a870.57 NILE | ||
| 100 | _aDOUGLS NILES | ||
| 245 |
_aIRON HELM _c |
||
| 250 | _a初版 | ||
| 260 |
_a _bPENGUIN BOOKS _c1990 |
||
| 300 | _b平 | ||
| 490 | _aFABTASY ADVENTURE BK 1 | ||
| 650 | _aFICTION | ||
| 942 |
_cBK _o870.57 NILE |
||
| 999 |
_c59622 _d59612 |
||